000 01468cam a22003737a 4500
003 CHAP
005 20220329142635.0
008 010920d2001 mx r 00110 spa d
010 _a85982
011 _a86954
035 _a97495
040 _cCHAP
090 _aTesis
100 0 0 _aNochebuena Pelcastre, Flor
_981535
245 1 0 _aDiagnóstico sobre el uso de sistemas de labranza de conservación y su relación con el agua en el Bajío Guanajuatense
_c/por Flor Nochebuena Pelcastre
260 _aChapingo, Méx. :
_bEl autor,
_c2002.
300 _a105 h. :
_bilus. ; cuadros ; gráfs. + anexos
502 _aTesis (M.C. en Agroforestería para el Desarrollo Sostenible) -- UACH. Centro de Agroforestería para el Desarrollo Sostenible
590 _aALEPH
_b10
_c20130110
_lUCH01
_h1447
590 _aBATCH-UPD
_b10
_c20130110
_lUCH01
_h0235
590 _aBATCH-UPD
_b10
_c20130110
_lUCH01
_h1656
590 _aBATCH-UPD
_b10
_c20130409
_lUCH01
_h2259
590 _aBATCH-UPD
_b10
_c20130410
_lUCH01
_h1314
590 _aBATCH-UPD
_b10
_c20130914
_lUCH01
_h1656
590 _aCONVERSION
_b10
_c20130109
_lUCH01
_h1348
650 1 4 _aAgua para irrigacion.
_92430
650 1 4 _aIrrigación
_xBajío.
_960378
650 1 4 _aLabranza de conservación.
_964308
901 _aBK
905 _aAlejandra Carrasco M.
942 _cFOLL
949 _aTesis
_bBC
_cTES
_d33724000870408
_eTS2
_fc.2
_gDonaciØn
_h40018
_i97495
_sb
949 _aTesis
_bBC
_cTES
_d974951
_eTS1
_h39619
_i97495
_sb
999 _c85982
_d85982